| 000 | 00921cam a22002535a 4500 | ||
|---|---|---|---|
| 001 | L154785 | ||
| 002 | 18894 | ||
| 008 | 120118s2011 xxk f 000 0 eng d | ||
| 020 | _a9780230242852 | ||
| 035 | _a(Sirsi) u154785 | ||
| 041 | 0 | _aeng | |
| 050 | 0 | 4 | _a692.8 |
| 100 | 1 | _aThomas, Reg | |
| 245 | 0 | 0 | _aConstruction contract claims |
| 250 | _a3rd ed. | ||
| 260 |
_aBasingstoke _bPalgrave Macmillan _c2011 |
||
| 350 | _a50 | ||
| 520 | _aConsiders difficulties that may arise in claims nationally and internationally, with reference to case law and a methodical approach to a variety of examples. Includes references to the new NEC3 and JCT contracts and revisions of the Housing Grants, Construction and Regeneration Act 1996 and the Scheme for Construction Contracts. | ||
| 590 | _aKA | ||
| 651 | 4 |
_aEngland and Wales _y1543- |
|
| 690 |
_aConstruction management _96230 |
||
| 700 | 1 | _aWright, M. | |
| 942 | _n0 | ||
| 999 |
_c113152 _d113152 |
||